| 000 | 00830cas a22002175a 4500 | ||
|---|---|---|---|
| 001 | L157541 | ||
| 008 | 130115d19701997xxkux eng u | ||
| 035 | _a(Sirsi) u157541 | ||
| 041 | 0 | _aeng | |
| 110 | 2 |
_aRoyal Institution of Chartered Surveyors _94900 |
|
| 240 | _aRules and Guide to the Assessment of Professional Competence | ||
| 245 | 0 | 0 | _aRules and Guide to the Test of Professional Competence |
| 260 |
_aLondon _bRICS _c[1970]-[1997] |
||
| 362 | 0 | _aLondon: 1970-1997 | |
| 520 | _aSeparate booklets were published for different practice areas, e.g. quantity surveying, general practice etc. | ||
| 520 | _aSome copies of this publication are also shelved individually in the RICS publications run. | ||
| 554 | _aIrregular | ||
| 651 | 4 |
_aEngland and Wales _y1543- |
|
| 690 | _aBusiness and management | ||
| 942 | _n0 | ||
| 999 |
_c119383 _d119383 |
||